000 00595nam a2200229Ia 4500
003 OSt
005 20220928150659.0
006 a|||||r|||| 00| 0
007 ta
008 220927b |||||||| |||| 00| 0 eng d
024 _a97815
037 _cTextual
040 _aSDCL
_cSDCL
_beng
041 _2eng
_aeng
082 _aX:513, N2
100 _aKulshreshtha Vijay
_9412601
245 0 _aVigyapan madhyam and prachar
260 _c1992
700 _a Atheiya Pratul
_9516270
942 _hX:513, N2
_cTEXL
_2CC
999 _c843152
_d843152